000 00249nam a2200097Ia 4500
001 773671
005 20250826165756.0
008 250824s9999 xx 000 0 und d
245 0 _aYASEMİNLER TÜTER Mİ HALA
_cALEV ALATLI
260 _bEVEREST YAYINLARI
999 _c773671
_d773671